|
|
|
|
| LEADER |
00000nam2a2200000 4500 |
| 001 |
155893 |
| 005 |
20231031152829.0 |
| 020 |
|
|
|a RU
|b 92-3763ж
|
| 035 |
|
|
|a (RuTPU)RU\TPU\book\169080
|
| 090 |
|
|
|a 155893
|
| 100 |
|
|
|a 20090319d1991 k y0rusy5003 ca
|
| 101 |
0 |
|
|a rus
|
| 102 |
|
|
|a UA
|
| 105 |
|
|
|a a z 001zy
|
| 200 |
0 |
|
|a Вып. 27
|
| 210 |
|
|
|d 1991
|
| 215 |
|
|
|a 97 с.
|c ил.
|
| 320 |
|
|
|a Библиография в конце статей
|
| 461 |
|
1 |
|0 (RuTPU)RU\TPU\book\176993
|t Обработка металлов давлением в машиностроении
|o республиканский межведомственный научно-технический сборник
|f Харьковский авиационный институт
|v Вып. 27
|d 1967-1991
|
| 610 |
1 |
|
|a металлообработка давлением
|
| 610 |
1 |
|
|a обработка
|
| 610 |
1 |
|
|a металлы
|
| 610 |
1 |
|
|a машиностроение
|
| 610 |
1 |
|
|a сборники
|
| 675 |
|
|
|a 621.73.04
|v 3
|
| 801 |
|
0 |
|a RU
|b RuMRKP
|c 19950417
|g psbo
|
| 801 |
|
1 |
|a RU
|b 63413507
|c 20090319
|g PSBO
|
| 801 |
|
2 |
|a RU
|b 63413507
|c 20151215
|g PSBO
|
| 942 |
|
|
|c BK
|